| 000 | 00424nam a2200169 a 4500 | ||
|---|---|---|---|
| 005 | 20210219151958.0 | ||
| 008 | 991125s1953 mx 000 0 spa u | ||
| 035 | _aUPN01000044625 | ||
| 049 | _aCG | ||
| 050 | 4 |
_aBX1375 _bO2.6 |
|
| 100 | 1 | _aOccelli, Pierluigi | |
| 245 | 1 | 0 |
_aPio X / _cPierluigi Occelli |
| 260 |
_aMéxico : _bPaulinas, _c1953. |
||
| 300 | _a311 p. | ||
| 600 | 1 | 4 |
_aPIO X, _cPAPA, _d1835-1914 |
| 905 | _aLibro | ||
| 999 |
_c44625 _d44625 |
||